| 000 | 00414nam a22001457a 4500 | ||
|---|---|---|---|
| 040 | _cNust | ||
| 082 |
_a297.7 _bSHI |
||
| 100 |
_aAbul Fazal Shahab-ud-din Ahmed _9125180 |
||
| 110 |
_aMaulana Safi-ur-Rehman Mubarakpuri _9125181 |
||
| 245 | _aبلوغ المرام | ||
| 250 | _aVolume 1 & 2 | ||
| 260 |
_aLahore: _bDar-ul-Salam Publishers, _c1997. |
||
| 650 |
_aبلوغ المرام _9125182 |
||
| 942 |
_2ddc _cBK |
||
| 999 |
_c610963 _d610963 |
||